Kreatívne odvetvia - módne návrhárstvo: teoretické východiská

Teoretické východiská kreatívnej ekonomiky. Pätnásť kreatívnych odvetví podľa Howkinsa. Odvetvia kreatívneho sektora náročné na poznatky a na prácu. História a vývoj módneho návrhárstva. Začiatok histórie modernej módy v roku 1858, kedy Charles Frederick Worth založil elitný sektor parížskeho módneh...

ver descrição completa

Na minha lista:
Detalhes bibliográficos
Autor principal: Pástor, Rudolf
Outros Autores: Parízková, Jana
Formato: Capítulo de Livro
Idioma:eslovaco
Assuntos:
Tags: Adicionar Tag
Sem tags, seja o primeiro a adicionar uma tag!

MARC

LEADER 00000nla a2200000 4500
001 0152649
005 20240502072722.4
041 0 |a slo 
044 |a SK 
245 1 0 |a Kreatívne odvetvia - módne návrhárstvo: teoretické východiská  |c Rudolf Pástor, Jana Parízková 
520 |a Teoretické východiská kreatívnej ekonomiky. Pätnásť kreatívnych odvetví podľa Howkinsa. Odvetvia kreatívneho sektora náročné na poznatky a na prácu. História a vývoj módneho návrhárstva. Začiatok histórie modernej módy v roku 1858, kedy Charles Frederick Worth založil elitný sektor parížskeho módneho priemyslu haute couture. Paríž - dominantné centrum módy vo svete. Móda po roku 2000 - obdobie "mash-up", kde trendy predstavujú fúziu predchádzajúcich štýlov, globálneho a etnického odievania. Turistika za módou. Vývoj módneho návrhárstva v SR. 
610 2 0 |a odevy 
610 2 0 |a konfekcia 
610 2 0 |a vedomosti 
610 2 0 |a práca 
610 2 0 |a kreativita 
610 2 0 |a značky výrobkov 
610 2 0 |a umenie 
610 2 0 |a história 
610 2 0 |a svet 
610 2 0 |a Slovensko 
100 1 |a Pástor, Rudolf 
700 1 |a Parízková, Jana